000 00568nam a2200217Ia 4500
003 OSt
005 20250807175438.0
008 210423s2003 xx 000 0 und d
020 _a8170337534
040 _cAL
041 _aEnglish
082 _a320
_bSHAD
100 _aShalendra D Sharma
_9121822
245 _aDevelopment and democracy in india
260 _bRawat Publications
_c2003
365 _b595
_cINR
650 _aPolitical Science
_9121823
650 _aPolitical Science
_9121823
906 _ademocracy ; Development ; india
942 _2ddc
_cBK
999 _c173873
_d173873